00386nam a2200133Ia 45000010005000000080041000050820020000461000063000662450050001292600024001795900007002039010027002109990015002372747241024s9999 xx 000 0 und d aRD/370.71/R426d aRepública Dominicana. Ministerio de Educación/INAFOCAM 0aDiplomado Educación Artistica para Docentes bSanto Domingoc2012 asi a15/1/2013 9:30:51 a.m. c9225d9225